UK Prime Ministers - Sudden Death - Statistics

General Stats
  • This quiz has been taken 3,223 times
  • The average score is 15 of 58
Answers on the Grid
Answers color-coded by a green-red scale on the quiz's grid according to % correct below.
Herbert Henry Asquith
Clement Attlee
Oliver Cromwell
Nick Clegg
James Callaghan
Adam Smith
Randolph Churchill
Bonar Law
David Maxwell Fyfe
George Hamilton-Gordon
John Smith
Ken Clarke
Robert Jenkinson
Keir Starmer
Gwilym Lloyd George
Margaret Beckett
William Grenville
Henry Campbell-Bannerman
Hugh Gaitskell
Ramsay MacDonald
Margaret Thatcher
David Lloyd George
Arthur Balfour
Henry Pelham
Rishi Sunak
Spencer Compton
Barbara Castle
Paddy Ashdown
Archibald Primrose
Menzies Campbell
Rab Butler
Frederick North
William Pitt
Robert Gascoyne-Cecil
Henry John Temple
George Curzon
Austen Chamberlain
Robert Peel
Michael Heseltine
Amber Rudd
George Canning
Neville Chamberlain
Theresa May
George Grenville
Augustus FitzRoy
Shirley Williams
Joseph Chamberlain
Nigel Lawson
William Lamb
Jeremy Hunt
Tony Blair
William Cavendish
Tony Benn
Charles Grey
Benjamin Disraeli
Winston Churchill
Gordon Brown
William Cavendish-Bentinck
George Osborne
Roy Jenkins
Jeremy Thorpe
John Stuart
Nigel Farage
Norman Lamont
Frederick John Robinson
Stanley Baldwin
Alistair Darling
John Major
Charles Kennedy
Robert Walpole
William Gladstone
Thomas Cromwell
George Lansbury
Spencer Perceval
Thomas Pelham-Holles
Angela Rayner
Alec Douglas-Home
Neil Kinnock
Boris Johnson
Anthony Eden
Peter Mandelson
Henry Addington
Edward Smith-Stanley
Oswald Mosley
John Russell
Harold Wilson
William Petty
Jeremy Corbyn
Philip de Willoughby
Edward Heath
Yvette Cooper
William Pitt
Charles James Fox
Liz Truss
Robert Crewe-Milnes
David Cameron
Harold Macmillan
Arthur Greenwood
Charles Watson-Wentworth
Arthur Wellesley
 
Answer Stats
Answer % Correct
Clement Attlee
79%
Keir Starmer
66%
Herbert Henry Asquith
59%
Margaret Thatcher
55%
James Callaghan
53%
Winston Churchill
51%
Rishi Sunak
50%
Tony Blair
50%
Theresa May
49%
Boris Johnson
47%
David Cameron
47%
Neville Chamberlain
47%
Liz Truss
46%
David Lloyd George
41%
Gordon Brown
41%
John Major
41%
Benjamin Disraeli
38%
William Pitt
36%
Harold Macmillan
35%
Bonar Law
34%
Harold Wilson
34%
William Gladstone
32%
William Pitt
32%
Anthony Eden
31%
Edward Heath
31%
Ramsay MacDonald
31%
Robert Peel
29%
Robert Walpole
29%
Arthur Balfour
28%
Stanley Baldwin
27%
Alec Douglas-Home
26%
Henry Campbell-Bannerman
19%
Spencer Perceval
19%
Arthur Wellesley
18%
George Canning
13%
William Grenville
13%
Henry Pelham
12%
Robert Gascoyne-Cecil
12%
William Cavendish
12%
Charles Grey
11%
Frederick North
11%
George Grenville
10%
John Russell
10%
Henry Addington
9%
Archibald Primrose
8%
George Hamilton-Gordon
8%
William Cavendish-Bentinck
8%
Thomas Pelham-Holles
7%
Edward Smith-Stanley
6%
Henry John Temple
6%
Spencer Compton
6%
William Lamb
5%
Augustus FitzRoy
4%
Charles Watson-Wentworth
4%
Frederick John Robinson
4%
Robert Jenkinson
4%
John Stuart
3%
William Petty
2%
No matching quizzes found
Score Distribution
Percent of People with Each Score
Percentile by Number Answered
Your Score History
You have not taken this quiz